Map of metropolitan Dover and Kent County Delaware : including insert map of the Capitol Complex /

Bibliographic Details
Corporate Author: Greater Dover Chamber of Commerce
Format: Map
Language:English
Published: Dover, Del. : The Chamber, [1976]
Subjects:

MARC

Tag First Indicator Second Indicator Subfields
LEADER 00000cem a2200000 a 4500
001 in00001017921
005 20150928092716.0
007 aj canzn
008 910319s1976 deu zz a 0 eng d
034 0 |a a 
035 |a (OCoLC)23263472 
035 |9 AFF0715AM 
040 |a TXA  |c TXA  |d UtOrBLW 
049 |a TXAC 
052 |a 3834  |b D6 
052 |a 3833  |b K4 
090 |a G3834.D6 1976  |b G7 
110 2 |a Greater Dover Chamber of Commerce. 
245 1 0 |a Map of metropolitan Dover and Kent County Delaware :  |b including insert map of the Capitol Complex /  |c Greater Dover Chamber of Commerce. 
255 |a Scale indeterminable. 
264 1 |a Dover, Del. :  |b The Chamber,  |c [1976] 
264 4 |c ©1976 
300 |a 2 maps on 1 sheet :  |b color ;  |c 61 x 53 cm. and 83.5 x 52 cm., sheet 89 x 58.5 cm., folded to 22.5 x 9.5 cm. 
336 |a cartographic image  |b cri  |2 rdacontent 
337 |a unmediated  |b n  |2 rdamedia 
338 |a sheet  |b nb  |2 rdacarrier 
500 |a Includes indexes, text, and "Capitol visitors' guide." 
500 |a Cartographic material. 
651 0 |a Dover (Del.)  |x Maps. 
651 0 |a Kent County (Del.)  |x Maps. 
999 |a MARS 
999 f f |s c042796a-9e21-31d4-aa65-08501930e531  |i 0fb67b04-3cc3-35ec-97dd-d04df3bbcdbd  |t 0 
952 f f |p normal  |a Texas A&M University  |b College Station  |c Sterling C. Evans Library  |d Evans: Maps (2nd floor)  |t 0  |e G3834.D6 1976 G7  |h Library of Congress classification  |i unmediated -- sheet  |m A14813438722 
998 f f |a G3834.D6 1976 G7  |t 0  |l Evans: Maps (2nd floor)